01109cam a2200205 a 4500008004100000020002200041245045400063260009100517300003200608440003800640504004100678650003200719700001700751700002200768710004900790710003700839003000100876005001700877040000900894  a0891180656 (pbk.)00aChemistry in the soil environment :bproceedings of a symposium sponsored by Division S-2 of the American Society of Agronomy and the Soil Science Society of America : papers were presented during the annual meetings in Fort Collins, Colorado, August 5-10, 1979 /corganizing committee, D.E. Baker ; editorial committee, R.H. Dowdy ... [et al.] ; editor-in-chief, Matthias Stelly ; managing editor, David M. Kral ; assistant editor, Mary Kay Cousin. aMadison, Wis. :bAmerican Society of Agronomy, Soil Science Society of America,c1981. av, 259 p. :bill. ;c23 cm. 0aASA special publication ;vno. 40 aIncludes bibliographical references. 0aSoil chemistryvCongresses.1 aDowdy, R. H.1 aStelly, Matthias.2 aAmerican Society of Agronomy.bDivision S-2.2 aSoil Science Society of America.20230123133144.0 cNUST